01013nam a2200229 i 4500001000300000245006100003246008300064260013400147300005700281500009100338504001400429650004200443650003400485650003300519650003100552020001500583040000800598041001300606080002500619008004100644856009800685bg00aFish passes - design, dimensions and monitoring /cDVWK. iTyt. oryg.:aFischaufstiegsanlagen - Bemessung, Gestaltung, Funktionskontrolle aRome :bFood and Agriculture Organization of the United Nations :bDeutscher Verband für Wasserwirtschaft und Kulturbau,c2002. aXVII, 118 s., [1] k. tabl. złoż. :bil. ;c30 cm. aTyt. oryg.: "Fischaufstiegsanlagen - Bemessung, Gestaltung, Funktionskontrolle", 1996. aBibliogr. 9aHydrotechnikaxwpływ na środowisko 9aRzekixregulacjaxzagadnienia 9aRzekiaekologiaxzagadnienia 9aHydrobiologiaxzagadnienia a9251048940 cBPK1 aenghger a627.4/.5:556.5:574.5 s pl f |000 0 pol  uhttp://koha.tu.koszalin.pl/cgi-bin/koha/opac-detail.pl?biblionumber=45927yKatalog online BPK